000 00278nam a2200121Ia 4500
008 220120s9999||||xx |||||||||||||| ||und||
020 _a9781423101482
082 _a003 SHA
100 _aSharma, S.D
245 0 _aOperations research
260 _bNew York
300 _a312p.
_b0
999 _c136451
_d136451